[Event "Batatais IRT op"]
[Site "Batatais"]
[Date "2014.01.19"]
[Round "5"]
[White "Pereira, Luciana Borges"]
[Black "Berto, Enrico Vagetti"]
[Result "1/2-1/2"]
[WhiteElo "1763"]
[BlackElo "1800"]
[PlyCount "42"]
[EventDate "2014.01.18"]
[EventType "swiss"]
[EventRounds "5"]
[EventCountry "BRA"]
[SourceTitle "CBM 158 Extra"]
[Source "ChessBase"]
[SourceDate "2014.02.28"]
[SourceVersion "1"]
[SourceVersionDate "2014.02.28"]
[SourceQuality "1"]

1. d4 d5 2. Nc3 Nf6 3. Bf4 a6 4. e3 e6 5. a3 Bd6 6. Bd3 0-0 7. Nce2 Bxf4 8. Nxf4 h6 9. Nf3 Nc6 10. 0-0 Re8 11. c3 e5 12. dxe5 Nxe5 13. Bc2 Nxf3+ 14. Qxf3 Qd7 15. h3 Re7 16. Rfe1 Qd6 17. Re2 Ne4 18. Rd1 c6 19. c4 Be6 20. Qh5 b5 21. cxd5 Bxd5 1/2-1/2

[Event "Batatais IRT op"]
[Site "Batatais"]
[Date "2014.01.18"]
[Round "2"]
[White "Berto, Enrico Vagetti"]
[Black "Bonvini, Alberto Tonhati"]
[Result "0-1"]
[WhiteElo "1800"]
[BlackElo "1675"]
[PlyCount "62"]
[EventDate "2014.01.18"]
[EventType "swiss"]
[EventRounds "5"]
[EventCountry "BRA"]
[SourceTitle "CBM 158 Extra"]
[Source "ChessBase"]
[SourceDate "2014.02.28"]
[SourceVersion "1"]
[SourceVersionDate "2014.02.28"]
[SourceQuality "1"]

1. e4 e5 2. Nf3 Nc6 3. Bc4 Nf6 4. Nc3 Bb4 5. 0-0 0-0 6. d3 h6 7. Bd2 d6 8. h3 Be6 9. Bb5 Ne7 10. a3 Ba5 11. b4 Bb6 12. Bc4 Bxc4 13. dxc4 Ng6 14. Na4 Nxe4 15. Nxb6 axb6 16. a4 f5 17. a5 bxa5 18. bxa5 Nc5 19. Be3 Nd7 20. Bd2 f4 21. Rb1 Rb8 22. Rb2 Qf6 23. Bc3 Nc5 24. Qb1 Na4 25. Rb3 Nxc3 26. Rxc3 e4 27. Rb3 exf3 28. Rxb7 fxg2 29. Kxg2 f3+ 30. Kg1 Qg5+ 31. Kh1 Qg2# 0-1